[Event "Cadiz la Sal op 25th"]
[Site "San Fernando"]
[Date "2012.07.15"]
[Round "3"]
[White "Roman Sanchez, Jesus Maria"]
[Black "Macias Roman, Fco Javier"]
[Result "1-0"]
[WhiteElo "2054"]
[BlackElo "1953"]
[PlyCount "77"]
[EventDate "2012.07.14"]
[EventType "swiss"]
[EventRounds "7"]
[EventCountry "ESP"]
[SourceTitle "EXT 2024"]
[Source "ChessBase"]
[SourceDate "2023.10.10"]
[SourceVersion "1"]
[SourceVersionDate "2023.10.10"]
[SourceQuality "1"]

1. Nf3 Nf6 2. d4 c5 3. c4 cxd4 4. Nxd4 e5 5. Nf3 Nc6 6. Nc3 Bb4 7. Bd2 0-0 8. a3 Bxc3 9. Bxc3 Ne4 10. Qc2 Nxc3 11. Qxc3 e4 12. Nd4 Qg5 13. e3 Rd8 14. 0-0-0 d5 15. h4 Qf6 16. Nb5 Qxc3+ 17. Nxc3 Bg4 18. Rxd5 f5 19. Be2 Bxe2 20. Nxe2 Rxd5 21. cxd5 Ne5 22. Nf4 Kf7 23. Rd1 h6 24. h5 Rc8+ 25. Kb1 g5 26. hxg6+ Nxg6 27. Nxg6 Kxg6 28. f3 Kf6 29. fxe4 fxe4 30. Rd4 Ke5 31. d6 Kf5 32. d7 Rd8 33. Kc2 Kg4 34. Rxe4+ Kg3 35. Re7 Kxg2 36. Rf7 h5 37. e4 h4 38. e5 h3 39. Rh7 1-0